000 00405nam a2200133 a 4500
001 000029680
005 20200930055727.0
008 110425s19uu dr a 000 0 spa d
040 _aDO-SdBNP
_bspa
_cBNPHU
082 _axxx
_bC3978
245 0 0 _aCentro Oriental Agropecuario (COA).
260 _aEl Seybo, República Dominicana :
_bCentro Oriental Agropecuario,
_c[197-?].
300 _a11 p. :
_bil. ;
_c22 cm.
999 _c29172
_d29172